People on British Money - Statistics

General Stats
  • This quiz has been taken 77 times
  • The average score is 5 of 24
Answer Stats
Value Hint Person % Correct
Bank of England £5 Politician Sir Winston Churchill
82%
Bank of England all Queen Elizabeth II
76%
Bank of England £20 Economist Adam Smith
59%
Bank of England £10 Scientist Charles Darwin
54%
Bank of England £50 Inventor James Watt
53%
Clydesdale Bank £5 Poet Robert Burns
37%
Bank of England £5 Philantropist Elizabeth Fry
26%
Bank of Scotland all Author Walter Scott
24%
Clydesdale Bank £20 King Robert the Bruce
22%
Ulster Bank £5 Sportsman George Best
21%
Bank of England £50 Businessman Matthew Boulton
18%
Clydesdale Bank £5 Scientist Sir Alexander Fleming
12%
Clydesdale Bank £100 Architect Charles Rennie Mackintosh
9%
Danske Bank £50 Inventor Sir Samuel Cleland Davidson
9%
Bank of Ireland all Allegory Hibernia
7%
Clydesdale Bank £100 Physicist Lord Kelvin
7%
Danske Bank £20 Inventor Harry Ferguson
4%
First Trust Bank all Generic Irishmen / Irishwomen
4%
Royal Bank of Scotland all Bank governor Lord Ilay
4%
Danske Bank £100 Inventor Sir James Martin
4%
Clydesdale Bank £5 Civil engineer Sir William Arrol
4%
Clydesdale Bank £50 Suffragist Elsie Inglis
3%
Danske Bank £10 Inventor John Boyd Dunlop
3%
Clydesdale Bank £10 Missionary Mary Slessor
3%
No matching quizzes found
Score Distribution
Percent of People with Each Score
Percentile by Number Answered
Your Score History
You have not taken this quiz